<?xml version="1.0" encoding="UTF-8"?>
<record
    xmlns:xsi="http://www.w3.org/2001/XMLSchema-instance"
    xsi:schemaLocation="http://www.loc.gov/MARC21/slim http://www.loc.gov/standards/marcxml/schema/MARC21slim.xsd"
    xmlns="http://www.loc.gov/MARC21/slim">

  <leader>01594nam a2200313 i 4500</leader>
  <controlfield tag="001">000000438204</controlfield>
  <controlfield tag="003">IT-MiSPE</controlfield>
  <controlfield tag="005">20200907094006.0</controlfield>
  <controlfield tag="008">190726s2019    it            000 0 ita d</controlfield>
  <datafield tag="020" ind1=" " ind2=" ">
    <subfield code="a">9788843094998</subfield>
    <subfield code="c">31.00 EUR</subfield>
  </datafield>
  <datafield tag="040" ind1=" " ind2=" ">
    <subfield code="a">IT-MiSPE</subfield>
    <subfield code="b">ita</subfield>
    <subfield code="d">fb</subfield>
    <subfield code="e">rda</subfield>
    <subfield code="c">IT-MiSPE</subfield>
  </datafield>
  <datafield tag="082" ind1=" " ind2=" ">
    <subfield code="a">110.09-STO me (axa 23277)</subfield>
  </datafield>
  <datafield tag="245" ind1="0" ind2="0">
    <subfield code="a">Storia della metafisica /</subfield>
    <subfield code="c">a cura di Enrico Berti.</subfield>
  </datafield>
  <datafield tag="250" ind1=" " ind2=" ">
    <subfield code="a">1a edizione</subfield>
  </datafield>
  <datafield tag="264" ind1=" " ind2="1">
    <subfield code="a">Roma :</subfield>
    <subfield code="b">Carocci editore,</subfield>
    <subfield code="c">2019.</subfield>
  </datafield>
  <datafield tag="300" ind1=" " ind2=" ">
    <subfield code="a">386 p. ;</subfield>
    <subfield code="c">22 cm</subfield>
  </datafield>
  <datafield tag="336" ind1=" " ind2=" ">
    <subfield code="a">testo</subfield>
    <subfield code="b">txt</subfield>
    <subfield code="2">rdacontent</subfield>
  </datafield>
  <datafield tag="337" ind1=" " ind2=" ">
    <subfield code="a">senza mediazione</subfield>
    <subfield code="b">n</subfield>
    <subfield code="2">rdamedia</subfield>
  </datafield>
  <datafield tag="338" ind1=" " ind2=" ">
    <subfield code="a">volume</subfield>
    <subfield code="b">nc</subfield>
    <subfield code="2">rdacarrier</subfield>
  </datafield>
  <datafield tag="490" ind1="1" ind2=" ">
    <subfield code="a">Frecce ;</subfield>
    <subfield code="v">275</subfield>
  </datafield>
  <datafield tag="504" ind1=" " ind2=" ">
    <subfield code="a">Bibliografia alla fine dei contributi</subfield>
  </datafield>
  <datafield tag="520" ind1=" " ind2=" ">
    <subfield code="a">Sulla base del presupposto unanimemente riconosciuto che la metafisica, quale che sia il suo valore, ha avuto una storia, il volume individua i momenti salienti di quest'ultima in alcuni grandi filosofi e correnti di pensiero: Platone, Aristotele, il platonismo antico, la metafisica arabo-islamica, Tommaso d'Aquino, Duns Scoto, Suarez, Cartesio, Kant, Hegel, Rosmini, Heidegger, il neotomismo, la filosofia analitica. Ne risulta una storia equilibrata, ricca e coinvolgente, forse unica nel suo genere, di indubbio interesse per chiunque si occupi di filosofia.</subfield>
  </datafield>
  <datafield tag="655" ind1=" " ind2="7">
    <subfield code="a">Filosofia. Metafisica. Ontologia</subfield>
    <subfield code="x">Libri generali e manuali in lingue moderne.</subfield>
    <subfield code="2">local</subfield>
    <subfield code="9">57133</subfield>
  </datafield>
  <datafield tag="700" ind1="1" ind2=" ">
    <subfield code="a">Berti, Enrico,</subfield>
    <subfield code="d">1935-,</subfield>
    <subfield code="e">curatore.</subfield>
    <subfield code="9">58456</subfield>
  </datafield>
  <datafield tag="830" ind1=" " ind2="0">
    <subfield code="a">Frecce [Carocci] ;</subfield>
    <subfield code="v">275.</subfield>
    <subfield code="9">58457</subfield>
  </datafield>
  <datafield tag="942" ind1=" " ind2=" ">
    <subfield code="2">ddc</subfield>
    <subfield code="c">BK</subfield>
  </datafield>
  <datafield tag="999" ind1=" " ind2=" ">
    <subfield code="c">358871</subfield>
    <subfield code="d">358871</subfield>
  </datafield>
  <datafield tag="952" ind1=" " ind2=" ">
    <subfield code="0">0</subfield>
    <subfield code="1">0</subfield>
    <subfield code="2">ddc</subfield>
    <subfield code="4">0</subfield>
    <subfield code="6">110_000000000000000_09STO_ME_AXA_23277</subfield>
    <subfield code="7">1</subfield>
    <subfield code="a">CINISELLO</subfield>
    <subfield code="b">CINISELLO</subfield>
    <subfield code="d">2020-09-07</subfield>
    <subfield code="l">0</subfield>
    <subfield code="o">110.09-STO me (axa 23277)</subfield>
    <subfield code="p">9788843094998</subfield>
    <subfield code="r">2020-09-07 00:00:00</subfield>
    <subfield code="w">2020-09-07</subfield>
    <subfield code="y">BK</subfield>
  </datafield>
</record>
